MARC

LEADER 00000nam0a2200000 4500
001 366067
005 20231102011839.0
035 |a (RuTPU)RU\TPU\retro\23430 
090 |a 366067 
100 |a 20220128d1979 km y0rusy50 ca 
101 0 |a rus 
102 |a RU 
105 |a a z 001zy 
200 1 |a Структура верхней мантии территории СССР по сейсмическим данным  |f В. З. Рябой 
210 |a Москва  |c Недра  |d 1979 
215 |a 248 с.  |c ил. 
320 |a Библиогр.: с. 235-244 
606 1 |a Земная кора  |2 stltpush  |3 (RuTPU)RU\TPU\subj\11771  |9 38669 
606 1 |a Сейсмические наблюдения  |2 stltpush  |3 (RuTPU)RU\TPU\subj\54374  |9 72531 
610 1 |a сейсмические данные 
610 1 |a верхняя мантия 
610 1 |a сейсмические исследования 
610 1 |a сейсмические сигналы 
610 1 |a сейсмические волны 
610 1 |a скоростные разрезы 
610 1 |a скоростное строение 
610 1 |a неоднородности 
675 |a 551.1  |v 4 
675 |a 550.34  |v 4 
700 1 |a Рябой  |b В. З.  |g Владислав Зелманович 
801 1 |a RU  |b 63413507  |c 20220128 
942 |c BK